| 000 | 00914cam a22002897a 4500 | ||
|---|---|---|---|
| 999 |
_c103878 _d103878 |
||
| 001 | 17259653 | ||
| 005 | 20190503091736.0 | ||
| 008 | 120417t20132013nyua b 001 0 eng | ||
| 020 | _a9781111309107 (pbk.) | ||
| 020 | _a1111309108 (pbk.) | ||
| 040 | _cPK-LaUMT | ||
| 082 | 0 | 0 |
_a616.855 _223 _bLUB-P |
| 100 | _aLubinski, Rosemary | ||
| 245 | 0 | 0 |
_aProfessional issues in speech-language pathology and audiology / _cby Rosemary Lubinski and Melanie W. Hudson |
| 250 | _a4th ed. | ||
| 260 |
_aClifton : _bDelmar, _c2013 |
||
| 300 |
_axxxvii, 633 p. : _bcolor illustrations ; _c24 cm |
||
| 650 | 0 |
_aSpeech therapy _xPractice. |
|
| 650 | 0 |
_aAudiology _xPractice. |
|
| 650 | 0 |
_aSpeech therapists _xVocational guidance. |
|
| 650 | 1 | 2 | _aSpeech-Language Pathology. |
| 650 | 2 | 2 | _aAudiology. |
| 650 | 2 | 2 | _aProfessional Practice. |
| 700 | 1 | _aLubinski, Rosemary, | |
| 700 | 1 | _aHudson, Melanie W., | |
| 942 | _cBK | ||